Άπαντα Κων/νου Αθαν. Διαμαντή

Αποθηκεύτηκε σε:
Λεπτομέρειες βιβλιογραφικής εγγραφής
Κύριος συγγραφέας: Διαμαντής, Κωνσταντίνος Αθ., 1912-
Μορφή: Βιβλίο
Γλώσσα:Greek
Δημοσίευση: Αθήνα : [χ.ε.], 1998-2000
Θέματα:
Ετικέτες: Προσθήκη ετικέτας
Δεν υπάρχουν, Καταχωρήστε ετικέτα πρώτοι!

MARC

LEADER 00000nam a2200000 i 4500
001 1/9673
008 000823m19982000 gre d
035 |l 10063153 
040 |a GR-MY-UA  |b gre  |e aacr 
041 0 |a gre 
082 0 |a 920 
100 1 |a Διαμαντής, Κωνσταντίνος Αθ.,   |d 1912- 
245 1 0 |a Άπαντα Κων/νου Αθαν. Διαμαντή /  |c Κων/νος Αθαν. Διαμαντής 
260 |a Αθήνα :   |b [χ.ε.],   |c 1998-2000 
300 |a 3 τ. 
505 0 |a τ.23: Συγκέντρωση Θ' - τ.24: Συγκέντρωση Η' - τ.25: Συγκέντρωση Ι' 
600 1 0 |a Διαμαντής, Κωνσταντίνος Αθ.,   |d 1912- 
651 0 |a Greece  |x History  |x Bibliography. 
852 |a INST  |b LESVOS  |e 20000824  |h 920 ΔΙΑ  |p 005100024344  |q 005100024344  |t BK  |y 0  |z τ.23 
852 |a INST  |b LESVOS  |e 20000823  |h 920 ΔΙΑ  |p 005100024450  |q 005100024450  |t BK  |y 0  |z τ.24 
852 |a INST  |b LESVOS  |e 20010605  |h 920 ΔΙΑ  |p 005100028897  |q 005100028897  |t BK  |y 0  |z τ.25 
852 |a INST  |b LESVOS  |e 20000824  |h 920 ΔΙΑ  |p 005100024344  |q 005100024344  |t BK  |v τ.23:  |y 0  |z τ.23 
852 |a INST  |b LESVOS  |e 20000823  |h 920 ΔΙΑ  |p 005100024450  |q 005100024450  |t BK  |v τ.24:  |y 0  |z τ.24 
852 |a INST  |b LESVOS  |e 20010605  |h 920 ΔΙΑ  |p 005100028897  |q 005100028897  |t BK  |v τ.25:  |y 0  |z τ.25 
853 |a INST  |b LESVOS  |h 920 ΔΙΑ 
901 |a BIBL1-2000-2 
909 |a Λ  |b 077286 
909 |a Λ  |b 077287 
909 |a Λ  |b 088034 
920 |a ΔΙΑΜΑΝΤΗΣ  |b ΚΩΝΣΤΑΝΤΙΝΟΣ Α.  |z 2000-03 
970 |z 2000/08/ΧΡΥΣΑΝΘΗ